{"text_format":"3","workbook":"xlsx","n_sheets":3,"sheets":["Estimasaun 40%","Estimasaun 60%","Sheet1"],"not_rendered":{"images":2},"read":"whole","date_system":"1900"}

{"sheet":"Estimasaun 40%","index":0,"n_rows":24,"n_cols":9,"rows_kept":24,"merged":[[1,1,1,8],[4,1,4,8],[8,1,8,8],[15,1,15,8],[19,1,19,8]]}
[]
[null,"PLANO ORSAMENTO 40% "]
[null,"Nu","Item ","Unidade","Quantidade ","Kustu Unidade ","Frequencia ","Total ","Balanco "]
[null,null,"Orsamento Transferensia 40 %",{"$nulls":4},{"v":800,"d":"$800.00"},{"v":800,"d":"$800.00"}]
[null,"A. Kustu ba asesmentu "]
[null,1,"Perdiam ba Asesmentu ","Prs/Place ",1,{"v":10,"d":"$10.00"},1,{"v":10,"d":"$10.00"},{"v":790,"d":"$790.00"}]
[null,2,"fee ba team assesmentu ","Prs/Place ",1,{"v":40,"d":"$40.00"},1,{"v":40,"d":"$40.00"},{"v":750,"d":"$750.00"}]
[null,null,"Sub Total ",{"$nulls":4},{"v":50,"d":"$50.00"}]
[null,"B. Kustu ba apoiu tekniku konservasaun bee"]
[null,3,"hahan ba konservasaun ","Place/         Debu 1",20,{"v":5,"d":"$5.00"},3,{"v":300,"d":"$300.00"},{"v":450,"d":"$450.00"}]
[null,4,"ceremonia ritual ","Unit/Time",1,{"v":50,"d":"$50.00"},1,{"v":50,"d":"$50.00"},{"v":400,"d":"$400.00"}]
[null,5,"Encada ","PCS",10,{"v":5,"d":"$5.00"},1,{"v":50,"d":"$50.00"},{"v":350,"d":"$350.00"}]
[null,6,"Karau Dikur ","PCS",10,{"v":5,"d":"$5.00"},1,{"v":50,"d":"$50.00"},{"v":300,"d":"$300.00"}]
[null,7,"Kanuru ","PCS",10,{"v":5,"d":"$5.00"},1,{"v":50,"d":"$50.00"},{"v":250,"d":"$250.00"}]
[null,null,"Sub Total ",{"$nulls":4},{"v":500,"d":"$500.00"}]
[null,"C. Kustu Lansamentu Konservasaun "]
[null,8,"hahan ba partisipante ","Prs/Days",40,5,1,{"v":200,"d":"$200.00"},{"v":50,"d":"$50.00"}]
[null,9,"Baner ","Pcs ",1,{"v":15,"d":"$15.00"},1,{"v":15,"d":"$15.00"},{"v":35,"d":"$35.00"}]
[null,null,"Sub Total ",{"$nulls":4},{"v":215,"d":"$215.00"}]
[null,"D. Kustu Operasional "]
[null,10,"Fee ba Fasilitador Kampu","Prs/Days",2,{"v":5,"d":"$5.00"},3,{"v":30,"d":"$30.00"},{"v":5,"d":"$5.00"}]
[null,11,"Transporte ba Submisaun relatoriu 40%","time",1,{"v":5,"d":"$5.00"},1,{"v":5,"d":"$5.00"},0]
[null,null,"Sub Total ",{"$nulls":4},{"v":35,"d":"$35.00"}]
[null,null,"Grand Total A+B+C+D"]

{"sheet":"Estimasaun 60%","index":1,"n_rows":19,"n_cols":9,"rows_kept":19,"merged":[[1,1,1,8],[4,1,4,8],[8,1,8,8],[14,1,14,8]]}
[]
[null,"PLANO ORSAMENTO 40% "]
[null,"Nu","Item ","Unidade","Quantidade ","Kustu Unidade ","Frequencia ","Total ","Balanco "]
[null,null,"Orsamento Transferensia 60 %",{"$nulls":4},{"v":1200,"d":"$1,200.00"},{"v":1200,"d":"$1,200.00"}]
[null,"A. Kustu ba asesmentu "]
[null,1,"Perdiam ba Asesmentu ","Prs/Place ",1,{"v":10,"d":"$10.00"},3,{"v":30,"d":"$30.00"},{"v":1170,"d":"$1,170.00"}]
[null,2,"fee ba team assesmentu ","Prs/Place ",1,{"v":40,"d":"$40.00"},3,{"v":120,"d":"$120.00"},{"v":1050,"d":"$1,050.00"}]
[null,null,"Sub Total ",{"$nulls":4},{"v":150,"d":"$150.00"}]
[null,"B. Kustu ba apoiu tekniku konservasaun bee"]
[null,3,"hahan ba konservasaun ","Place / debu 1",20,{"v":5,"d":"$5.00"},3,{"v":300,"d":"$300.00"},{"v":750,"d":"$750.00"}]
[null,4,"hahan ba konservasaun ","Place / debu 2",20,{"v":5,"d":"$5.00"},3,{"v":300,"d":"$300.00"},{"v":450,"d":"$450.00"}]
[null,null,"hahan ba konservasaun ","Place / debu 3",20,{"v":5,"d":"$5.00"},3,{"v":300,"d":"$300.00"},{"v":150,"d":"$150.00"}]
[null,5,"Ceremonia Ritual ","Unit/Time",3,{"v":40,"d":"$40.00"},1,{"v":120,"d":"$120.00"},{"v":30,"d":"$30.00"}]
[null,null,"Sub Total ",{"$nulls":4},{"v":1020,"d":"$1,020.00"}]
[null,"D. Kustu Operasional "]
[null,10,"Fee ba Fasilitador Kampu","Prs/Days",2,{"v":4,"d":"$4.00"},3,{"v":24,"d":"$24.00"},{"v":6,"d":"$6.00"}]
[null,11,"Transporte ba Submisaun relatoriu 40%","time",1,{"v":6,"d":"$6.00"},1,{"v":6,"d":"$6.00"},0]
[null,null,"Sub Total ",{"$nulls":4},{"v":30,"d":"$30.00"}]
[null,null,"Grand Total A+B+C+D"]

{"sheet":"Sheet1","index":2,"n_rows":37,"n_cols":9,"rows_kept":37,"merged":[[7,1,7,8],[10,1,10,8],[14,1,14,8],[21,1,21,8],[25,1,25,8],[31,1,31,5],[35,1,35,3],[35,6,35,8],[36,1,36,3],[36,6,36,8]]}
{"$rows_empty":7}
[null,"GASTU ORSAMENTU BA ATIVIDADE KONSERVASAUN DEBU, ADAPTASAUN MUDANSA KLIMATIKA  40% "]
[null,"Nu","Item ","Unidade","Quantidade ","Kustu Unidade ","Frequencia ","Total ","Balanco "]
[null,null,"Orsamento Transferensia 40 %",{"$nulls":4},{"v":800,"d":"$800.00"},{"v":800,"d":"$800.00"}]
[null,"A. Kustu ba asesmentu "]
[null,1,"Perdiam ba Asesmentu ","Prs/Place ",1,{"v":10,"d":"$10.00"},1,{"v":10,"d":"$10.00"},{"v":790,"d":"$790.00"}]
[null,2,"fee ba team assesmentu ","Prs/Place ",1,{"v":40,"d":"$40.00"},1,{"v":40,"d":"$40.00"},{"v":750,"d":"$750.00"}]
[null,null,"Sub Total ",{"$nulls":4},{"v":50,"d":"$50.00"}]
[null,"B. Kustu ba apoiu tekniku konservasaun bee"]
[null,3,"hahan ba konservasaun ","Place/         Debu 1",20,{"v":5,"d":"$5.00"},3,{"v":300,"d":"$300.00"},{"v":450,"d":"$450.00"}]
[null,4,"ceremonia ritual ","Unit/Time",1,{"v":50,"d":"$50.00"},1,{"v":50,"d":"$50.00"},{"v":400,"d":"$400.00"}]
[null,5,"Encada ","PCS",10,{"v":5,"d":"$5.00"},1,{"v":50,"d":"$50.00"},{"v":350,"d":"$350.00"}]
[null,6,"Karau Dikur ","PCS",10,{"v":5,"d":"$5.00"},1,{"v":50,"d":"$50.00"},{"v":300,"d":"$300.00"}]
[null,7,"Kanuru ","PCS",10,{"v":5,"d":"$5.00"},1,{"v":50,"d":"$50.00"},{"v":250,"d":"$250.00"}]
[null,null,"Sub Total ",{"$nulls":4},{"v":500,"d":"$500.00"}]
[null,"C. Kustu Lansamentu Konservasaun "]
[null,8,"hahan ba partisipante ","Prs/Days",40,5,1,{"v":200,"d":"$200.00"},{"v":50,"d":"$50.00"}]
[null,9,"Baner ","Pcs ",1,{"v":15,"d":"$15.00"},1,{"v":15,"d":"$15.00"},{"v":35,"d":"$35.00"}]
[null,null,"Sub Total ",{"$nulls":4},{"v":215,"d":"$215.00"}]
[null,"D. Kustu Operasional "]
[null,10,"Fee ba Fasilitador Kampu","Prs/Days",2,{"v":5,"d":"$5.00"},3,{"v":30,"d":"$30.00"},{"v":5,"d":"$5.00"}]
[null,11,"Transporte ba Submisaun relatoriu 40%","time",1,{"v":5,"d":"$5.00"},1,{"v":5,"d":"$5.00"},0]
[null,null,"Sub Total ",{"$nulls":4},{"v":35,"d":"$35.00"}]
[null,null,"Grand Total A+B+C+D"]
[]
[null,"Prepara Husi :",{"$nulls":5},"Aprova Husi:"]
[]
[]
[]
[null,"Lucinda da Costa Fernandes ",{"$nulls":4},"Isaias Soares Dos Reis "]
[null,"Finansa Luta Ba Mudansa",{"$nulls":4},"Coordenador Luta Ba Mudansa"]